000 00322 a2200145 4500
001 150735
040 _cEscola São Tomás de Aquino
100 _aBRANCO, Samuel Murgel
240 1 0 _aO ambiente do campo
_lpor
245 1 0 _aO ambiente do campo
300 _a40
362 0 _a2000
697 _aCIÊNCIAS
942 _cBK
999 _c150735
_d150735